Ιστορία της λατινικής λογοτεχνίας
Saved in:
| Main Author: | |
|---|---|
| Other Authors: | , , |
| Format: | Book |
| Language: | Greek English |
| Published: |
Αθήνα :
Παπαδήμας,
2000
|
| Edition: | 3η έκδ., ανανεωμένη |
| Subjects: | |
| Tags: |
Add Tag
No Tags, Be the first to tag this record!
|
MARC
| LEADER | 00000cam a2200000 i 4500 | ||
|---|---|---|---|
| 001 | 1/39988 | ||
| 008 | 030902s2000 gr | ||| |||| ||gre|| | ||
| 020 | |a 9602064242 | ||
| 035 | |l 10070725 | ||
| 040 | |a GR-MY-UA |b gre |e aacr | ||
| 041 | 0 | |a gre |h eng | |
| 082 | 0 | |a 870.9 |2 (21) | |
| 100 | 1 | |a Kenney, E. J. | |
| 245 | 1 | 0 | |a Ιστορία της λατινικής λογοτεχνίας / |c E.J. Kenney - W.V. Clausen ; μετάφραση Θ. Πίκουλα, Α. Σιδέρη-Τόλια ; επιμέλεια Α. Στεφανή |
| 250 | |a 3η έκδ., ανανεωμένη | ||
| 260 | |a Αθήνα : |b Παπαδήμας, |c 2000 | ||
| 300 | |a 1235 σ.; |c 25 εκ. | ||
| 504 | |a Περιέχει βιβλιογραφικές παραπομπές και ευρετήριο | ||
| 650 | 0 | 0 | |a Latin literature |x History and criticism. |
| 651 | 0 | |a Rome |x Civilization. | |
| 700 | 1 | |a Clausen, Wendell, |d 1923-2006. | |
| 700 | 1 | |a Πίκουλας, Θεόδωρος Γ. |4 trl | |
| 700 | 1 | |a Σιδέρη-Τόλια, Αριστέα. |4 trl | |
| 852 | |a INST |b LESVOS |e 20030902 |h 870.9 KEN |p 005100030817 |q 005100030817 |t BK |y 0 | ||
| 901 | |a BIBL1-2004-1 | ||
| 909 | |a Λ |b 105883 | ||
| 922 | |a 1ΕΛΗ |b 200306 |c ΤΑΚ/ΚΥΒ |d ΠΑΠΑΣΩΤΗΡΙΟΥ | ||
| 950 | |a 023-2003-02-11 | ||
| 970 | |a ΤΖΑΦΕΡΗ |b ΕΥΑΓΓΕΛΙΑ |z 2004/03/23 | ||